| 000 | 00635nam a22001937a 4500 | ||
|---|---|---|---|
| 005 | 20251108164900.0 | ||
| 008 | 250721s9999 xx 000 0 ara d | ||
| 082 | 1 | 4 | _a372.407/طرق |
| 100 | 1 | _aأبو عرقوب، أحمد حسن | |
| 245 | 1 | 0 |
_aطرق تعليم القراءة و الكتابة للأطفال : _bنظريا و تطبيقيا / |
| 264 | 1 |
_aاربد : _bدار الأمل للنشر والتوزيع، _c[19-]. |
|
| 300 | _a146ص | ||
| 650 | 1 | 7 | _aالقراءة |
| 650 | 1 | 7 | _aالدراسات |
| 650 | 1 | 7 | _aالتدريس |
| 650 | 1 | 7 | _aالتعليم الإبتدائي |
| 942 |
_2ddc _cBK |
||
| 999 |
_c16606 _d16606 |
||